| 000 | 01168nam a2200325 i 4500 | ||
|---|---|---|---|
| 003 | EG-GICUC | ||
| 005 | 20260121101343.0 | ||
| 008 | 251125s1918 fr ||||fr|||| 00| 0 fre d | ||
| 040 |
_aEG-GiCUC _bfre _cEG-GiCUC _dEG-GiCUC _eRda |
||
| 041 | 0 | _afre | |
| 082 | 0 | 4 |
_221 _a338 _bRO . É |
| 092 | 0 | 4 | _221 |
| 099 | _aLaw1 13 338 RO . É 8 ed - 1918 | ||
| 100 | 1 |
_aRoscher, Wilhelm _eAuteur |
|
| 245 | 1 | 0 |
_aÉconomie industrielle. _nTome 1 / _bPar Wilhelm Roscher ; revue et augmentée par Wilhelm Stieda ; traduite par M. P. Hallier. |
| 250 |
_aHuitième èdition _bRevue etaugmentèe |
||
| 264 | 1 |
_aParis : _bM. Giard, _c1918. |
|
| 300 |
_a472 page ; _c 24 cm. |
||
| 336 |
_2rda contenu _a texte |
||
| 337 |
_2rda medias _aOrdinateur |
||
| 338 |
_2 transporteur rda _a Ressource en ligne |
||
| 490 |
_aa Bibliothèque internationale d'économie politique ; _vTome 1. |
||
| 546 | _aTexte en français | ||
| 650 | 1 | 4 | _aFinances publiques et legislation fiscale |
| 700 | 1 |
_aStieda, Wilhelm _eÉditeur |
|
| 700 | 1 |
_aHallier, M. P., _eTraducteur |
|
| 856 | 4 | 0 | _uhttps://fll.law.cu.edu.eg/fulltext/bks/B13-07549.pdf |
| 905 |
_a30 _eHassnaa |
||
| 942 |
_2ddc _cBK _e21 _n0 |
||
| 999 |
_c45944 _d45944 |
||